| 000 | 00371nam a2200133 a 4500 | ||
|---|---|---|---|
| 005 | 20140414132100.0 | ||
| 008 | 100702s19uu xx 00 eng d | ||
| 050 |
_aTR 513.211 _bM426 2004 |
||
| 245 | _aMathematics 2. | ||
| 260 |
_aMalaysia : _bLittle Sun Sdn. Bhd. |
||
| 440 | _aKindergarten series | ||
| 650 |
_aMathematics- _xaddition- _xactivity book. |
||
| 999 |
_c114446 _d114446 |
||